01168nam a2200193Ia 4500001001000000003001000010008004100020040002500061041001300086100002300099245005400122250001100176260009000187300002900277500026000306501011400566520026000680650003400940L235-8028IT-CnALBA170116s9999||||xx |||||||||||||| ||und|| aIT-CnALBAcIT-CnALBA aITALIANO aVLASIC P. TOMISLAV 0aAPRITE I VOSTRI CUORI A MARIA REGINA DELLA PACE.  a1a ed. aMILANObAMICI DI MEDJUGORJE ASSOCIAZ. c1985 [1° Ed.:1985 - Ed.Ling.Originale: 1985] a158 p. (prefazione: 910) aMEDITAZIONI PASQUA DICEMBRE 1984. LUOGO DI PREGHIERA. COSCIENZA ATTIVA. ACCETTAZIONE DEI MESSAGGI. FEDE. APPRENDIMENTO DELLA PREGHIRA. LA PACE. SILENZIO E ASCOLTO. APERTURA DEL CUORE. ROSARIO. CAMMINO. ABBANDONO TOTALE. PREGHIRA. ROSARIO DI GESÙ ETC...  aSocietà San Paolo EM - Piazza San Paolo, 14 - 12051 ALBA (CN) (non commercial uses only) ® Copyright 2017 aMEDITAZIONI PASQUA DICEMBRE 1984. LUOGO DI PREGHIERA. COSCIENZA ATTIVA. ACCETTAZIONE DEI MESSAGGI. FEDE. APPRENDIMENTO DELLA PREGHIRA. LA PACE. SILENZIO E ASCOLTO. APERTURA DEL CUORE. ROSARIO. CAMMINO. ABBANDONO TOTALE. PREGHIRA. ROSARIO DI GESÙ ETC...  aMARIA SS. ANGELI SANTI DEMONI